Strategic management of research organizations

Bibliographic Details
Main Author: Barletta, William A. (Author)
Format: Book
Language:English
Published: New York : CRC Press 2020
Edition:First edition
Subjects:

MARC

LEADER 00000cam a2200000 7i4500
001 0000029467
005 20241127.0
008 211208 nyu eng
020 |a 9780367255855 
040 |a INS   |b eng   |e rda 
090 0 0 |a Q180.55.M3   |b B37 2020 
100 1 |a Barletta, William A. ,   |e author 
245 1 0 |a Strategic management of research organizations   |c William A. Barletta 
250 |a First edition 
264 1 |a New York :   |b CRC Press   |c 2020 
264 4 |c ©2020 
300 |a xiii, 137 pages ;   |c 22 cm. 
336 |a text  |2 rdacontent 
337 |a unmediated  |2 rdamedia 
338 |a volume  |2 rdacarrier 
500 |a Includes index 
504 |a Includes bibliographical references 
650 0 |a Research institutes   |x Management 
650 0 |a Research   |x Management 
650 0 |a Strategic planning 
999 |a 1000004297   |b BOOK   |c Open Shelf   |e Default branch 
999 |a 1000004756   |b BOOK   |c Open Shelf   |e Default branch